00781cam a22002297a 4500001000500000005001700005020001500022020001800037040004200055050002600097082001000123100002100133245005200154250003300206260003400239300005100273505000700324520015800331521001700489521001700506650002800523229520231115114427.0 a0439696569 a9780439696562 aOCOcOCOdOCLCQdOCLdBAKERdDLCbeng00aPZ7 .B7633bCjiw 2005 a975.31 aBridwell, Norman10aClifford goes to Washington /cNorman Bridwell. aFirst printing, January 2005 aNew York :bScholastic,c2005 a30 unnumbered pages :billustrationsc20x20 cm aH  aWhen Clifford's pal, Riley, gets invited to Washington, D.C., Clifford goes along and visits famous statues, national monuments, and even the First Lady. a490 bLexile aH bRaz-Plus 0aDogsvJuvenile fiction.